| 000 | 00402nam a22001457a 4500 | ||
|---|---|---|---|
| 999 |
_c193637 _d193637 |
||
| 008 | 221107b ||||| |||| 00| 0 eng d | ||
| 082 | _a700-THA | ||
| 100 | _aTHAKUR,SURAT | ||
| 245 |
_aFOLK MUSICAL INTRUMENTS OF HIMACHAL PRADESH _hENGLISH |
||
| 260 |
_aNEW DELHI _bA.I.C.B _cROHINI |
||
| 270 | _aA.I.C.B ,ROHINI NEW DELHI | ||
| 300 |
_a. _b. _c12X13 |
||
| 490 | _v1-2 | ||
| 942 |
_2ddc _cBRLEN _k700 _mTHA |
||